Statistics for Countries Containing L (no continent prompts)

Click here to take the quiz!

General Stats

  • This quiz has been taken 1,109 times
    (977 since last reset)
  • The average score is 58 of 67

Answer Stats

country% Correct
Ireland
96%
Latvia
96%
Lithuania
96%
Luxembourg
96%
Iceland
95%
Libya
95%
Liechtenstein
95%
Albania
94%
Algeria
94%
Australia
93%
Belgium
93%
Brazil
93%
Colombia
93%
Finland
93%
Liberia
93%
Poland
93%
Portugal
93%
Slovakia
93%
Slovenia
93%
Chile
92%
Bolivia
91%
Laos
91%
Lebanon
91%
Belarus
90%
Italy
90%
Lesotho
90%
Malaysia
90%
Mali
90%
Netherlands
90%
Angola
89%
Marshall Islands
89%
Solomon Islands
89%
Thailand
89%
El Salvador
88%
Guatemala
88%
Israel
88%
Malta
88%
New Zealand
88%
Senegal
88%
Somalia
88%
St Lucia
88%
Maldives
87%
Moldova
87%
Switzerland
87%
Bulgaria
86%
Dem Rep Congo
86%
Philippines
86%
Republic of
the Congo
86%
Venezuela
86%
Bangladesh
85%
Belize
85%
Malawi
85%
Seychelles
85%
Palau
84%
Central African
Republic
83%
Dominican Republic
83%
Mongolia
83%
Nepal
83%
Equatorial Guinea
81%
Sierra Leone
81%
Sri Lanka
81%
Tuvalu
81%
Swaziland
73%
Palestine
53%
Cook Islands
38%
Faroe Islands
38%
Greenland
38%

Score Distribution

Percentile by Number Answered

Percent of People with Each Score

Your Score History

You have not taken this quiz since the last reset